Abraham Lincoln: íntimo

Tallennettuna:
Bibliografiset tiedot
Päätekijä: Meca, J. (autor)
Aineistotyyppi: Kirja
Kieli:espanja
Julkaistu: Barcelona Montaner y Simón 1909
Aiheet:
Tagit: Lisää tagi
Ei tageja, Lisää ensimmäinen tagi!

MARC

LEADER 00000nam a2200000 a 4500
001 UCP8266
003 CL-VaPUC
008 000114e19090000SP |||||||||||||||||spa|d
082 0 4 |a 923.1  |b MEC  |2 21 
100 |a Meca, J.  |e autor  |9 438106 
245 1 0 |a Abraham Lincoln: íntimo 
300 |a 341 p 
942 |c BK 
945 |d 20000114 00:00:00  |a rherrera 
260 |a Barcelona  |b Montaner y Simón  |c 1909 
600 0 |a Lincoln, Abraham,  |d 1809-1865  |9 321765 
650 0 |a Biografías  |9 255210 
650 0 |a Presidentes  |9 255176 
650 0 |a Vida y obra  |9 311871 
651 0 |a Estados Unidos  |9 255178 
583 |a last modification  |c 20000114 00:00:00  |k Rodrigo Vera 
999 |c 285198  |d 285196 
952 |0 0  |1 0  |4 0  |6 923_100000000000000_MEC_1909  |7 0  |8 X  |9 329631  |a BIBHIS  |b BIBHIS  |d 2019-11-20  |i 1377469  |o 923.1 MEC 1909  |p 1377469  |r 2024-01-30  |w 2019-11-20  |y BK_X  |k HIS